Name these Chelsea Players - Statistics

General Stats
  • This quiz has been taken 259 times
  • The average score is 18 of 26
Answer Stats
Picture Answer % Correct
Lauren James
98%
Millie Bright
95%
Hannah Hampton
92%
Jess Carter
88%
Sam Kerr
87%
Fran Kirby
86%
Guro Reiten
86%
Aggie Beever-Jones
80%
Ann-Katrin Berger
76%
Catarina Macario
75%
Erin Cuthbert
74%
Niamh Charles
72%
Emma Hayes
71%
Sjoeke Nüsken
68%
Nathalie Björn
62%
Sophie Ingle
59%
Mia Fishel
56%
Zećira Mušović
56%
Kadeisha Buchanan
54%
Mayra Ramirez
54%
Ashley Lawrence
52%
Jessie Fleming
51%
Eve Perisset
49%
Johanna Rytting Kaneryd
46%
Maika Hamano
43%
Melanie Leupolz
36%
No matching quizzes found
Score Distribution
Percent of People with Each Score
Percentile by Number Answered
Your Score History
You have not taken this quiz